00269cam a2200085 a 450008200160000024500400001626000730005630000420012965000120017100a665.776 BIO00aBiogas technology and utilisation : aNew Delhi :bDept. of Science and Technology, Govt. of India,c1981. aii, 94 p., [6] p. of plates :bill. ; 0aBiogas.